000 00808cas a2200181 4500
022 0 _a0066-0604
082 0 4 _a621.3
_bTRA
_cL01, P123,P-109
110 2 _aAmerican Society of Civil Engineers.
_9702
245 1 0 _aTransactions of the American institute of electrical engineers volume 69 part ii
_cASCE
260 _aNew York,
_bAmerican Society of Civil Engineers.
300 _a1752p.:
_bill., maps (part fold.) diagrs.
_c23 cm.
520 _aVols. 131 include papers of the International Engineering Congress, Chicago, 1965; v. 54 includes papers of the International Engineering Congress, St. Louis, 1904.
526 _a0
_b0
_c0
_d621_000000000000000_3TRA
590 _aSERBIB/SERLOC merged record
650 0 _aCivil engineering
710 2 _aAmerican Society of Civil Engineers.
_9702
942 _2ddc
_cBK
999 _c545462
_d545462